Record Details

Spanish Dictionary : Spanish-English, English-Spanish

Record details

  • ISBN: 9780007437917
  • Physical Description: Paperback
  • Publisher: London HarperCollins Publishers 2012
Subject: Spanish Language

Available copies

  • 10 of 10 copies available at Headquarters.
Location Call Number / Copy Notes Barcode Shelving Location Status Due Date
Frafraha Library 201 463.21/COL 000001701210 400 - Languages, Grammar, Dictionaries, Thesaurus Available -
Frafraha Library 201 463.21/COL 000001701227 400 - Languages, Grammar, Dictionaries, Thesaurus Available -
Frafraha Library 201 463.21/COL 000001701234 400 - Languages, Grammar, Dictionaries, Thesaurus Available -
Frafraha Library 201 463.21/COL 000001701241 400 - Languages, Grammar, Dictionaries, Thesaurus Available -
Frafraha Library 201 463.21/COL 000001701258 400 - Languages, Grammar, Dictionaries, Thesaurus Available -
Frafraha Library 201 463.21/COL 000001701265 400 - Languages, Grammar, Dictionaries, Thesaurus Available -
Frafraha Library 201 463.21/COL 000001701272 400 - Languages, Grammar, Dictionaries, Thesaurus Available -
Frafraha Library 201 463.21/COL 000001701289 400 - Languages, Grammar, Dictionaries, Thesaurus Available -
Frafraha Library 201 463.21/COL 000001701296 400 - Languages, Grammar, Dictionaries, Thesaurus Available -
Frafraha Library 201 463.21/COL 000001701302 400 - Languages, Grammar, Dictionaries, Thesaurus Available -

No reviews or recommendations are currently available.

Loading shelf browser…

LDR 00620cam a2200205Ka 4500
00181524
003HQ
00520210611174417.0
008070101s xxk er 0 eng d
020 . ‡a9780007437917
037 . ‡aGOG
082 . ‡a463.21/COL
100 . ‡aCollins Spanish Dictionary
245 . ‡aSpanish Dictionary : Spanish-English, English-Spanish
260 . ‡a London ‡b HarperCollins Publishers ‡c2012
300 . ‡a Paperback
650 . ‡aSpanish Language
901 . ‡a81524 ‡bAUTOGEN ‡c81524 ‡tbiblio

Session Timeout

Your session will expire in minutes and seconds.

If you need more time, please click "Continue Session."

Session Ended

Your session has ended. Redirecting to the home page...